000 00189 a2200097 4500
020 _a0-590-45030-1
041 _aeng
100 _aLois Ehlert
245 _aGrowing Vegetable Soup
942 _cBK
999 _c9518
_d9518